000 00209 a2200097 4500
001 30177
100 _aCarre, J E
245 _aThe looking glass War
260 _aLondon
_bPan Books
_c
090 _c20120
_d20120
942 _aNUST-CAE
_cM
_c11249
999 _c265250
_d265250